000 00325nam a22001337a 4500
020 _a0-408-02730-4
082 _a620.11 MAT'N
100 _aWEAVER, G, NEWLEY, C
_967485
245 _aMATERIALS PRINCIPLES AND PRACTICE
260 _aLONDON
_bBUTTERWORTHS
_c1990
300 _a405P
650 _aMATERIALS
_91466
942 _cBK
999 _c575257
_d575257